| 000 | 02105cam a2200493 4500500 | ||
|---|---|---|---|
| 005 | 20251228071301.0 | ||
| 041 | _afre | ||
| 042 | _adc | ||
| 100 | 1 | 0 |
_aFoucart, Jean _eauthor |
| 245 | 0 | 0 | _aLa souffrance : un enjeu social contemporain |
| 260 | _c2004. | ||
| 500 | _a94 | ||
| 520 | _aLa thématique de la souffrance est à inscrire dans la construction d'une nouvelle forme sociale, politique, culturelle, une « culture du malheur intime ». Elle est à relier au glissement d'enjeux socioéconomiques à des enjeux identitaires, carac~téristiques de « l'ultramodernité ». Le paradigme de la transaction sociale et les concepts qui y sont liés offrent un outil théorique particulièrement intéressant. | ||
| 520 | _aThe theme of suffering should be inscribed in the building of a new social, poli~tical and cultural form, a culture of the "intimate misfortune". The theme of suffering should be linked to the transformation of socio-economic stakes into identity stakes that are characteristic of the "ultra modernity". The paradigm of social transaction and the concepts connected to it offer a really interesting theo~retical tool. | ||
| 690 | _aangoisse | ||
| 690 | _aconfiance | ||
| 690 | _aconnexion | ||
| 690 | _aé | ||
| 690 | _aécisionnel opérationnel | ||
| 690 | _aégulation sociale | ||
| 690 | _aéliaison | ||
| 690 | _aéseau | ||
| 690 | _aésinstitutionnalisation | ||
| 690 | _aindividualisme | ||
| 690 | _amal | ||
| 690 | _amasse | ||
| 690 | _aôle | ||
| 690 | _atransaction | ||
| 690 | _aanguish | ||
| 690 | _aconfidence | ||
| 690 | _aconnection | ||
| 690 | _adecision | ||
| 690 | _adesinstitutionalisation | ||
| 690 | _aindividualism | ||
| 690 | _amaking and operational mode | ||
| 690 | _anetwork | ||
| 690 | _apain | ||
| 690 | _asocial regulation | ||
| 690 | _atransaction | ||
| 690 | _aultra modernity | ||
| 690 | _aunbinding | ||
| 786 | 0 | _nPensée plurielle | 8 | 2 | 2004-08-01 | p. 7-20 | 1376-0963 | |
| 856 | 4 | 1 | _uhttps://shs.cairn.info/revue-pensee-plurielle-2004-2-page-7?lang=fr&redirect-ssocas=7080 |
| 999 |
_c1593541 _d1593541 |
||